LEADER 01119nam--2200373---450- 001 990002072380203316 005 20041012122742.0 010 $a88-324-4063-6 035 $a000207238 035 $aUSA01000207238 035 $a(ALEPH)000207238USA01 035 $a000207238 100 $a20041012d1991----km-y0itay0103----ba 101 0 $aita 102 $aIT 105 $a||||||||001yy 200 1 $aNuovissimo manuale di procedura penale$ecoordinato con leggi specialie aggiornatocon la maxi riforma del 1991...$fLuigi Bonavolontà 210 $aMilano$cPirola$d1991 215 $aXIII, 270 p.$d24 cm 225 2 $aPirola Legale 410 0$12001$aPirola Legale 454 1$12001 461 1$1001-------$12001 606 0 $aDiritto processuale penale$xRiforma$xManuali 676 $a347.4505 700 1$aBONAVOLONTÀ,$bLuigi$0257977 801 0$aIT$bsalbc$gISBD 912 $a990002072380203316 951 $aColl. HNS 96$b71885 G.$cColl. 959 $aBK 969 $aGIU 979 $aSIAV1$b10$c20041012$lUSA01$h1227 996 $aNuovissimo manuale di procedura penale$91042198 997 $aUNISA LEADER 03152nam 2200697 450 001 9910452501703321 005 20200520144314.0 010 $a0-19-935286-0 010 $a0-19-998799-8 035 $a(CKB)2550000001123573 035 $a(EBL)1480994 035 $a(OCoLC)861559203 035 $a(SSID)ssj0001001098 035 $a(PQKBManifestationID)12394591 035 $a(PQKBTitleCode)TC0001001098 035 $a(PQKBWorkID)10966332 035 $a(PQKB)11314118 035 $a(StDuBDS)EDZ0000141818 035 $a(MiAaPQ)EBC1480994 035 $a(Au-PeEL)EBL1480994 035 $a(CaPaEBR)ebr10775446 035 $a(CaONFJC)MIL525290 035 $a(EXLCZ)992550000001123573 100 $a20120918d2013 uy| 0 101 0 $aeng 135 $aur|n|---||||| 181 $ctxt 182 $cc 183 $acr 200 00$aCT imaging $epractical physics, artifacts, and pitfalls /$feditor, Alexander C. Mamourian ; contributors, Harold Litt [and three others] 210 1$aNew York :$cOxford University Press,$d2013. 215 $a1 online resource (253 p.) 300 $aDescription based upon print version of record. 311 $a0-19-978260-1 311 $a1-299-94039-0 320 $aIncludes bibliographical references and index. 327 $aHistory and physics of CT imaging / Alexander C. Mamourian -- Radiation safety and risks / Alexander C. Mamourian and Josef P. Debbins -- CT cardiac imaging / Supratik Moulik and Harold Litt -- Cardiac CT artifacts and pitfalls / Supratik Moulik and Harold Litt -- Neuro CT artifacts / Alex C. Mamourian -- Neuro CT pitfalls / Alex C. Mamourian -- Body CT artifacts / Nicholas Papanicolaou -- Body CT pitfalls / Nicholas Papanicolaou -- Test questions / Alexander C. Mamourian. 330 $aCT imaging has become a mainstay of medical imaging. After 30 years this is a mature technology but the accumulation of innovations over the past decades have given it extraordinary capabilities and new applications continue to emerge. In this book Alex Mamourian uses early CT technology to explain the fundamentals of CT imaging and then builds on that base to explain how innovations such as slip-ring and multidetector arrays allow for rapid, high resolution imaging. This book covers complex applications such as CT cardiac imaging and dual-source dual-energy CT scanning as well as the pitfalls 606 $aTomography 606 $aNervous system$xRadiography 606 $aRadiation dosimetry 606 $aRadiation$xSafety measures 606 $aWhole body imaging 606 $aHeart$xTomography 608 $aElectronic books. 615 0$aTomography. 615 0$aNervous system$xRadiography. 615 0$aRadiation dosimetry. 615 0$aRadiation$xSafety measures. 615 0$aWhole body imaging. 615 0$aHeart$xTomography. 676 $a616.07/5722 701 $aMamourian$b Alexander C$0905340 701 $aLitt$b Harold I$0905341 801 0$bMiAaPQ 801 1$bMiAaPQ 801 2$bMiAaPQ 906 $aBOOK 912 $a9910452501703321 996 $aCT imaging$92024966 997 $aUNINA